00466nam a2200133Ia 4500008004100000020001500041245012000056260002000176300002500196500002000221650004300241980003300284999001500317151021s9999 xx 000 0 und d a9966767010 a_Geographic Dimensions of Well-Being in Kenya Who and Where are the Poor ? ;a constituency level profile Volume II  aNairobi : CBS,  a80 p. : (col.) ill.  aIncludes index  a_Constituency Level Poverty Incidence  a^d20110511 02:13:30^okilerai c7250d7250